[Event "XII Open"]
[Site "Sant Marti ESP"]
[Date "2010.07.18"]
[Round "6"]
[White "Oms Fuentes,L"]
[Black "Fernandez Diaz Mascort,M"]
[Result "1-0"]
[WhiteElo "2360"]
[BlackElo "2216"]

1.e4 d6 2.d4 Nf6 3.Nc3 e5 4.Nf3 Nbd7 5.Bc4 Be7 6.Be3 O-O 7.Qe2 c6 8.a4 Ng4
9.O-O Nxe3 10.Qxe3 a5 11.Ne2 Qc7 12.Ng3 Nf6 13.dxe5 dxe5 14.h3 b6 15.Qc3 Bd6
16.Rad1 Re8 17.Ng5 Re7 18.Qd3 Ne8 19.Nf5 Bxf5 20.exf5 Rd8 21.Ne4 Red7 22.Qf3 Be7
23.Qh5 Bf6 24.Rde1 Rd4 25.b3 b5 26.axb5 cxb5 27.Bxb5 Rxe4 28.Rxe4 Nd6 29.Bd3 Nxe4
30.Bxe4 Rd4 31.Bd3 e4 32.Bc4 a4 33.Qe2 a3 34.c3 Rd8 35.Ra1 Qf4 36.g3 Qxf5
37.Rxa3 Bxc3 38.Ra7 Rf8 39.Re7 Bf6 40.Qxe4 Qxh3 41.Rxf7  1-0

[Event "XIV Battle Of Senta"]
[Site "Senta SRB"]
[Date "2010.07.18"]
[Round "3"]
[White "Dimitrijevic,R"]
[Black "Vranic,L"]
[Result "1/2-1/2"]
[WhiteElo "2211"]
[BlackElo "2150"]

1.e4 d6 2.d4 Nf6 3.Nc3 Nbd7 4.Nf3 e5 5.Bc4 Be7 6.O-O O-O 7.h3 c6 8.a4 a5
9.Be3 Qc7 10.Qe2 exd4 11.Nxd4 Nc5 12.f3 Re8 13.Qf2 Bf8 14.Rae1 Nfd7 15.b3 Ne5
16.Be2 Ng6 17.Qg3 Qb6 18.Qf2 Be7 19.Rd1 d5 20.Bd3 Nxd3 21.Rxd3 Ne5 22.Rdd1 Qb4
23.Nce2 dxe4 24.c3 Qa3 25.fxe4 Bf8 26.Ng3 Qe7 27.Bf4 f6 28.Ngf5 Qc5 29.Qg3  1/2-1/2

[Event "1st Open"]
[Site "Vaujany FRA"]
[Date "2010.07.18"]
[Round "9"]
[White "Das,Arg"]
[Black "Juhasz,Kr"]
[Result "1-0"]
[WhiteElo "2486"]
[BlackElo "2260"]

1.e4 d6 2.d4 Nf6 3.Nc3 e5 4.Nf3 Nbd7 5.Rg1 g6 6.dxe5 dxe5 7.g4 Bg7 8.Be3 O-O
9.Qd2 c6 10.O-O-O Qe7 11.Nh4 Nc5 12.f3 Kh8 13.Rg3 Ne6 14.Ng2 Rd8 15.Bd3 b5
16.Qf2 Nd4 17.h4 h5 18.Bg5 Ne6 19.Ne3 hxg4 20.Rh1 Kg8 21.Bxf6 Bxf6 22.Nxg4 Nf4
23.Nxf6+ Qxf6 24.Kb1 Kh7 25.Ne2 Be6 26.Nxf4 exf4 27.Rg5 Kg7 28.Rhg1 Bc4 29.e5 Qe6
30.Bxc4 bxc4 31.h5 Rd5 32.hxg6 Rxe5 33.gxf7+ Rxg5 34.Rxg5+ Kxf7 35.Qh4 Rh8
36.Qxf4+ Ke8 37.a3 Rh1+ 38.Ka2 c3+ 39.b3 Re1 40.Qb8+ Ke7 41.Rg7+  1-0

[Event "1st Open"]
[Site "Vaujany FRA"]
[Date "2010.07.18"]
[Round "9"]
[White "Sengupta,D"]
[Black "Horvath,Jo1"]
[Result "1-0"]
[WhiteElo "2527"]
[BlackElo "2552"]

1.e4 d6 2.d4 Nf6 3.Nc3 e5 4.Nf3 Nbd7 5.Rg1 g6 6.g4 Bg7 7.Be3 O-O 8.g5 Nh5
9.Qd2 c6 10.O-O-O Qe7 11.Kb1 Nb6 12.Qe1 f6 13.Be2 Nf4 14.Bxf4 exf4 15.gxf6 Bxf6
16.Bd3 Kh8 17.h4 c5 18.e5 dxe5 19.dxe5 Bg7 20.Qe2 Bf5 21.h5 gxh5 22.Bxf5 Rxf5
23.Qe4 Raf8 24.a4 a5 25.Nd5 Nxd5 26.Rxd5 b6 27.Rgd1 Qb7 28.Qe2 Qc6 29.Qc4 R5f7
30.R1d3 Re7 31.Rd6 Qc7 32.e6 Rfe8 33.Ng5 h6 34.Nf7+ Kg8 35.Rd7 Qc6 36.Nd6 Qh1+
37.Ka2 Qc1 38.Rb3 Kh8 39.Nxe8 Rxe8 40.Rxb6  1-0

[Event "4th Open"]
[Site "Vecindario ESP"]
[Date "2010.07.18"]
[Round "1"]
[White "Perez Castellano,Y"]
[Black "Morales Camacho,J"]
[Result "0-1"]
[WhiteElo "1610"]
[BlackElo "2223"]

1.e4 d6 2.d4 Nf6 3.Nc3 e5 4.dxe5 dxe5 5.Qxd8+ Kxd8 6.Bg5 Be6 7.f4 exf4 8.e5 h6
9.Bxf6+ gxf6 10.exf6 Nd7 11.O-O-O Kc8 12.Nge2 Bc5 13.Kb1 Be3 14.Nd5 Bxd5
15.Rxd5 Nxf6 16.Rf5 Rd8 17.c3 Ne4 18.Rxf7 Nf2 19.Rg1 Ne4 20.Rh1 Nf2 21.Rg1 Nd1
22.Rh1 Nf2 23.Rg1 Rd1+ 24.Kc2 Rd2+ 25.Kb3 Nd1 26.Rh1 Rxb2+ 27.Kc4 b5+ 28.Kd5 Kb7
29.Nxf4 Nxc3+ 30.Ke5 Re8+ 31.Ne6 Bb6 32.Bd3 Rd2 33.Rf3 Rxg2 34.Kf6 Nd5+ 35.Kf7 Re7+
36.Kf8 Rxe6  0-1

[Event "MTO"]
[Site "Biel SUI"]
[Date "2010.07.19"]
[Round "1"]
[White "Ootes,Le"]
[Black "Pelletier,Y"]
[Result "0-1"]
[WhiteElo "2156"]
[BlackElo "2589"]

1.e4 d6 2.d4 Nf6 3.Nc3 e5 4.Nf3 Nbd7 5.g4 Nxg4 6.Bc4 exd4 7.Nxd4 Nde5 8.Bb3 Qh4
9.Qe2 Nxh2 10.Rg1 Bg4 11.Qb5+ Kd8 12.Qxb7 Nhf3+ 13.Nxf3 Nxf3+ 14.Kf1 Qh3+
15.Rg2 Qh1+ 16.Ke2 Qe1+ 17.Kd3 Ne5+ 18.Kd4 c5+ 19.Kd5 Be6+  0-1

[Event "Helmut Kohls It"]
[Site "Dortmund GER"]
[Date "2010.07.19"]
[Round "4"]
[White "Zelbel,P"]
[Black "Mladenov,Sv"]
[Result "1/2-1/2"]
[WhiteElo "2345"]
[BlackElo "2463"]

1.e4 d6 2.d4 Nf6 3.Nc3 e5 4.Nf3 Nbd7 5.Bc4 Be7 6.O-O O-O 7.Re1 c6 8.a4 a5
9.h3 Nb6 10.Bf1 exd4 11.Nxd4 d5 12.exd5 Nbxd5 13.Nxd5 Nxd5 14.c3 Bc5 15.Bc4 Qd6
16.Qf3 Be6 17.Nf5 Bxf2+ 18.Kxf2 Qc5+ 19.Ne3 Nxe3 20.Bxe3 Qxc4 21.Bd4 Rad8
22.Kg1 f6 23.Qe2 Qxe2 24.Rxe2 Kf7 25.Rae1 Rfe8 26.Bb6 Ra8 27.Rd2 Bd5 28.Rxe8 Rxe8
29.Kf2 Re4 30.Rd4 Rxd4 31.Bxd4 Bb3 32.Bb6 Ke6 33.Ke3 Kd5 34.Bxa5 Kc4 35.Kd2 Bxa4
36.b4 Kd5 37.Ke3 Bc2 38.h4 Ke5 39.Bd8 Kf5 40.g3 Kg4  1/2-1/2

[Event "XIV Battle Of Senta"]
[Site "Senta SRB"]
[Date "2010.07.19"]
[Round "4"]
[White "Vranic,L"]
[Black "Srebrnic,V"]
[Result "1-0"]
[WhiteElo "2150"]
[BlackElo "2201"]

1.d4 d6 2.e4 Nf6 3.Nc3 e5 4.Nge2 Be7 5.f3 c6 6.Be3 Na6 7.Nc1 exd4 8.Qxd4 Nc5
9.Nb3 O-O 10.Nxc5 dxc5 11.Qxd8 Rxd8 12.a4 Be6 13.Be2 Nd7 14.Kf2 b6 15.Rhd1 Ne5
16.Rxd8+ Rxd8 17.Rd1 Rxd1 18.Nxd1 Nc4 19.Bf4 Nd6 20.Ne3 Kf8 21.Ke1 Ke8 22.Kd2 Kd7
23.Be5 f6 24.Bg3 Kc7 25.h3 Kb7 26.Kc3 b5 27.b3 Kb6 28.Kb2 c4 29.Bf2 Ka5 30.axb5 cxb5
31.Nd5 Bxd5 32.exd5 cxb3 33.cxb3 Ka6 34.Bd3 g6 35.b4 Kb7 36.Kc3 a6 37.Bd4 Kc7
38.g4 Ne8 39.Bc5 Bd6 40.Kd4 Be5+ 41.Ke3 Nd6 42.Bd4 Nf7 43.Bc5 Nd6 44.f4 Bc3
45.h4 Kd7 46.h5 gxh5 47.gxh5 h6 48.Bf1 a5 49.bxa5 Bxa5 50.Bh3+ Kc7 51.Kf3 Be1
52.Bd4 Bh4 53.Ke3 b4 54.Kd3 Bg3 55.Be3 f5 56.Bc1 Kb6 57.Kd4 Kb5 58.Bf1+ Ka4
59.Bd3 Kb3 60.Ke5 Kc3 61.Bxf5 Nxf5 62.Kxf5 Kc2 63.Be3 b3 64.Bd4 Bf2 65.Be5 Bc5
66.Ke6 Bb4 67.d6 Bc3 68.d7 b2 69.d8=Q Bxe5 70.Qd5 Bxf4 71.Qe4+ Kc3 72.Qf3+ Kc2
73.Qxf4  1-0

[Event "XIX ch-Macedonia Open"]
[Site "Struga MKD"]
[Date "2010.07.19"]
[Round "2"]
[White "Menkinoski,R"]
[Black "Skrceski,G"]
[Result "1-0"]
[WhiteElo "2322"]
[BlackElo "2215"]

1.e4 d6 2.d4 Nf6 3.Nc3 c6 4.f4 g6 5.Nf3 Bg4 6.Be3 d5 7.e5 Ne4 8.Nxe4 dxe4
9.h3 Bxf3 10.gxf3 exf3 11.Qxf3 Qa5+ 12.c3 e6 13.h4 h5 14.Bd3 Nd7 15.Be4 O-O-O
16.a4 Nb6 17.b4 Qa6 18.Kf2 Nd5 19.b5 Qa5 20.Bxd5 cxd5 21.c4 dxc4 22.Rhc1 c3
23.Bd2 Bb4 24.Bxc3 Kb8 25.Bb2 Rd7 26.Rc4 Rc8 27.Rxc8+ Kxc8 28.Qb3 Kb8 29.Rd1 Be7
30.Ba3 Qd8 31.Bxe7 Qxe7 32.Kg3 Qd8 33.Qb4 Qc7 34.Qb3 Qd8 35.Qb4 Rc7 36.Qb3 Qd5
37.Qxd5 exd5 38.f5 gxf5 39.Kf4 Kc8 40.Kxf5 Rc2 41.Kf6 Kd7 42.Rf1 Ke8 43.e6 fxe6
44.Kxe6 Rc4 45.Kxd5 Rxa4 46.Rf5 Ra5 47.Ke6 a6 48.Rxh5 Kf8 49.Rf5+ Ke8 50.Rc5 Kd8
51.b6 Ra4 52.Rh5  1-0

[Event "25th Touraine Open"]
[Site "Avoine FRA"]
[Date "2010.07.20"]
[Round "4"]
[White "Debray,C"]
[Black "Vingerhoets,L"]
[Result "1-0"]
[WhiteElo "2362"]
[BlackElo "2057"]

1.e4 d6 2.d4 Nf6 3.Nc3 Nbd7 4.f4 e5 5.Nf3 exd4 6.Qxd4 c6 7.Be3 d5 8.O-O-O Bc5
9.Qd3 Qe7 10.e5 Ng4 11.Bxc5 Nxc5 12.Qd4 h5 13.h3 Nh6 14.Qf2 Nf5 15.g3 Bd7
16.Rg1 O-O-O 17.g4 hxg4 18.hxg4 Nh6 19.f5 Kb8 20.Qe3 g6 21.e6 Bc8 22.f6 Qxe6
23.Qxc5 Nxg4 24.Qd4 Nxf6 25.Ng5 Qe7 26.Bd3 Be6 27.Qe5+ Kc8 28.Nxe6 fxe6 29.Rg5 Rdf8
30.Bxg6  1-0

[Event "XIV Battle Of Senta"]
[Site "Senta SRB"]
[Date "2010.07.20"]
[Round "5"]
[White "Nadj Hedjesi,B"]
[Black "Vranic,L"]
[Result "1-0"]
[WhiteElo "2426"]
[BlackElo "2150"]

1.e4 d6 2.d4 Nf6 3.Nc3 Nbd7 4.Nf3 e5 5.g4 exd4 6.Nxd4 Nc5 7.g5 Ng8 8.Be3 h6
9.gxh6 Nxh6 10.f3 Be7 11.Qd2 Bh4+ 12.Bf2 Bxf2+ 13.Qxf2 Bd7 14.O-O-O Qg5+
15.Kb1 O-O-O 16.Rg1 Qe5 17.Nb3 Nxb3 18.Rd5 Nd2+ 19.Qxd2 Qf6 20.Rdg5 g6 21.Nd5 Qe6
22.Qa5 Kb8 23.Qxc7+ Ka8 24.Qa5 Kb8 25.R1g3 Rc8 26.Bh3 Nf5 27.Qd2 Rce8 28.b3 Rxh3
29.Rxh3 Nd4 30.Rhg3 Nc6 31.Qf4 Rh8 32.h4 Ne5 33.h5 Bc6 34.Qf6 Re8 35.Qxe6 fxe6
36.Nf6 Rf8 37.hxg6  1-0

[Event "XIX ch-Macedonia Open"]
[Site "Struga MKD"]
[Date "2010.07.20"]
[Round "4"]
[White "Stojanovski,D"]
[Black "Skrceski,G"]
[Result "1-0"]
[WhiteElo "2437"]
[BlackElo "2215"]

1.e4 d6 2.d4 Nf6 3.Nc3 c6 4.f4 Bg4 5.Be2 Bxe2 6.Qxe2 e6 7.Nf3 Be7 8.O-O d5
9.e5 Nfd7 10.f5 Nf8 11.Nd2 exf5 12.Rxf5 g6 13.Rf3 Ne6 14.Nb3 h5 15.Qf2 Rh7
16.Be3 b6 17.Rf1 Bh4 18.g3 Bg5 19.h4 Bxe3 20.Qxe3 Nd7 21.Ne2 Qe7 22.Nf4 Nxf4
23.Rxf4 f5 24.R4f2 O-O-O 25.Nc1 Nf6 26.Qc3 Ne4 27.Qxc6+ Qc7 28.Qxc7+ Rxc7
29.Rg2 Kd7 30.Nd3 Ke6 31.c3 a5 32.Kh2 Rc4 33.Re2 b5 34.Nf4+ Kf7 35.Nxd5 Nxg3
36.e6+ Kg7 37.Kxg3  1-0

[Event "4th Open"]
[Site "Vecindario ESP"]
[Date "2010.07.20"]
[Round "4"]
[White "Rodriguez Perez,D"]
[Black "Torres Ventosa,P"]
[Result "0-1"]
[WhiteElo "2039"]
[BlackElo "2245"]

1.e4 d6 2.d4 Nf6 3.Nc3 e5 4.dxe5 dxe5 5.Qxd8+ Kxd8 6.Bg5 Be7 7.O-O-O+ Nbd7
8.Bc4 Rf8 9.Nge2 Ng4 10.Bxe7+ Kxe7 11.h3 Nxf2 12.Rxd7+ Bxd7 13.Rf1 Nxh3 14.gxh3 c6
15.h4 h5 16.Ng3 g6 17.Bd3 b5 18.a3 Be6 19.Nd1 a5 20.Ne3 Rfd8 21.Rd1 Rab8
22.Be2 Rdc8 23.c4 b4 24.a4 b3 25.Kd2 Rd8+ 26.Kc3 Rf8 27.Bd3 Rb4 28.Ra1 Rd8
29.Ne2 Bg4 30.Nc1 f5 31.exf5 gxf5 32.Bxf5 Bxf5 33.Nxf5+ Kf6 34.Nd3 Rxd3+  0-1

[Event "25th Touraine Open"]
[Site "Avoine FRA"]
[Date "2010.07.21"]
[Round "5"]
[White "Gros,P"]
[Black "Payen,Ar"]
[Result "0-1"]
[WhiteElo "2050"]
[BlackElo "2372"]

1.d4 d6 2.e4 Nf6 3.Nc3 Nbd7 4.g3 e5 5.d5 Be7 6.Bg2 O-O 7.Nge2 c6 8.O-O cxd5
9.exd5 Ne8 10.g4 g6 11.f4 exf4 12.Nxf4 Ne5 13.h3 Ng7 14.Kh2 Bh4 15.Ne4 g5
16.Nd3 f5 17.Nef2 fxg4 18.Nxg4 Bxg4 19.hxg4 Rxf1 20.Bxf1 Qf6 21.Bg2 Re8 22.Bd2 Nxd3
23.cxd3 Qf2 24.Bc3 Re2 25.Qf1 Qg3+ 26.Kh1 Rf2 27.Qg1 Qxg4  0-1

[Event "Andorra Open"]
[Site "La Massana AND"]
[Date "2010.07.21"]
[Round "5"]
[White "Loeffler,M"]
[Black "Paunovic,D"]
[Result "0-1"]
[WhiteElo "2355"]
[BlackElo "2553"]

1.e4 d6 2.d4 Nf6 3.Nc3 e5 4.dxe5 dxe5 5.Qxd8+ Kxd8 6.Bc4 Ke8 7.Nf3 Bd6 8.O-O a6
9.Re1 Nbd7 10.a3 h6 11.b4 b5 12.Bb3 c6 13.Bb2 Ke7 14.Nd1 Re8 15.c4 Kf8 16.c5 Bc7
17.Nd2 a5 18.Ne3 g6 19.f3 Nh5 20.g3 Ng7 21.Ng4 h5 22.Nf2 Rd8 23.Red1 Nb8
24.Kf1 Na6 25.Bc3 Ne6 26.Kg2 Nd4 27.Ba2 axb4 28.axb4 Nc2  0-1

[Event "Open A"]
[Site "Oberwart AUT"]
[Date "2010.07.21"]
[Round "9"]
[White "Makk,R"]
[Black "Varga,Me"]
[Result "1-0"]
[WhiteElo "2243"]
[BlackElo "1883"]

1.e4 d6 2.d4 Nf6 3.Nc3 e5 4.Nf3 Nbd7 5.Bc4 Be7 6.O-O O-O 7.Re1 c6 8.a4 b6
9.Ba2 a6 10.h3 Bb7 11.Nh4 g6 12.Bh6 Re8 13.Nf3 Bf8 14.Ng5 Re7 15.Bxf8 Qxf8
16.dxe5 dxe5 17.Qd6 Ne8 18.Qd2 Kg7 19.Rad1 Nc5 20.b4 Ne6 21.Bxe6 fxe6 22.Qe3 Qf6
23.Nf3 c5 24.bxc5 bxc5 25.Qxc5 Rc8 26.Qb4 Rec7 27.Re3 Ba8 28.Rdd3 Rc5 29.Nd2 Qf7
30.Nb3 R5c6 31.Qa5 Qc7 32.Qxc7+ R6xc7 33.Kf1 Nf6 34.Ke1 Rc4 35.f3 Nh5 36.Rd7+ Kh6
37.Kd2 Nf4 38.g3 Nxh3 39.Rd6 R4c6 40.Rxc6 Rxc6 41.Rd3 Ng5 42.Nd1 Rc8 43.Nf2 Bc6
44.Ng4+ Kg7 45.Nxe5 Bxa4 46.Nd4 Rc5 47.f4 Nxe4+ 48.Ke3 Ng5 49.Ra3 Bb5 50.Nd3 Kf7
51.fxg5 Rxg5 52.Kf3 Rd5 53.Ke4 Rg5 54.Rxa6 Rxg3 55.Nxe6 h5 56.Nef4 h4 57.Ra7+ Kf6
58.Ne2 Rg5 59.Ndf4 Rh5 60.Nh3 Rh6 61.Nhg1  1-0

[Event "21st Czech Rapid Open"]
[Site "Pardubice CZE"]
[Date "2010.07.21"]
[Round "2"]
[White "Kononenko,Dmitry1"]
[Black "Krapivin,Vl"]
[Result "1-0"]
[WhiteElo "2590"]
[BlackElo "2362"]

1.e4 d6 2.d4 Nf6 3.Nc3 e5 4.Nf3 Nbd7 5.Bc4 Be7 6.O-O O-O 7.a4 c6 8.Re1 b6
9.Ba2 a6 10.h3 Rb8 11.Be3 b5 12.Nd2 Bb7 13.Ne2 exd4 14.Nxd4 g6 15.axb5 axb5
16.Qf3 Ne5 17.Qg3 Nh5 18.Qh2 Qc7 19.f4 Nd7 20.g4 Ng7 21.Rf1 d5 22.exd5 cxd5
23.f5 Bd6 24.Qf2 Bg3 25.Qf3 Bh2+ 26.Kh1 Ne5 27.Qg2 Nc4 28.Qxh2 Qxh2+ 29.Kxh2 Nxe3
30.Rfe1 Nc4 31.Bxc4 bxc4 32.f6 Ne6 33.Nxe6 fxe6 34.g5 Bc8 35.Ra2 Rf7 36.Nf3 Rfb7
37.Rb1 Bd7 38.Kg3 Rb5 39.h4 c3 40.b3 Rb4 41.Rba1 d4 42.Ra7 Bc6 43.Rg7+ Kh8
44.Ne5 Rf8 45.Nxc6  1-0

[Event "15th Open"]
[Site "Balaguer ESP"]
[Date "2010.07.22"]
[Round "4"]
[White "Andriasian,Z"]
[Black "Del Rey,D"]
[Result "1/2-1/2"]
[WhiteElo "2588"]
[BlackElo "2395"]

1.e4 d6 2.d4 Nf6 3.Nc3 e5 4.Nf3 Nbd7 5.Bc4 Be7 6.O-O Nb6 7.Be2 exd4 8.Nxd4 O-O
9.Bf4 Re8 10.Re1 Bf8 11.Bf1 g6 12.h3 Bg7 13.Qd2 a6 14.Rad1 Bd7 15.Bg5 Qe7
16.Nf3 Qf8 17.Bd3 Be6 18.Nd4 Bc4 19.Nb3 Bxd3 20.cxd3 c6 21.Na5 Qe7 22.d4 Qc7
23.b4 d5 24.Bf4 Qd7 25.e5 Nh5 26.Bh2 Bf8 27.a3 Nc8 28.Qc2 b5 29.Ne2 Nb6 30.Qxc6 Qxc6
31.Nxc6 Nc4 32.g4 Ng7 33.Nf4 Rec8 34.Na5 Nxa5 35.bxa5 Rd8 36.Re3 Ne6 37.Ne2 g5
38.Rc3 Rac8 39.Rdc1 Rc4 40.Kf1 Rdc8 41.Rxc4 Rxc4 42.Rxc4 bxc4 43.a4 Bb4 44.f3 Bd2
45.Bg3 Bxa5 46.Be1 Bxe1 47.Kxe1 f6 48.exf6 Kf7 49.Kd2 Kxf6 50.Kc3 a5 51.Kd2 Ke7
52.Ke3 Kd6 53.Kd2 Ke7 54.Ke3 Kd6  1/2-1/2

[Event "Helmut Kohls It"]
[Site "Dortmund GER"]
[Date "2010.07.22"]
[Round "6"]
[White "Kotainy,J"]
[Black "Klyuner,V"]
[Result "1/2-1/2"]
[WhiteElo "2299"]
[BlackElo "2443"]

1.e4 d6 2.d4 Nf6 3.Nc3 e5 4.Nf3 Nbd7 5.g4 Nxg4 6.Rg1 Ngf6 7.Bc4 exd4 8.Nxd4 Nb6
9.Be2 g6 10.Bf4 Bg7 11.Qd3 O-O 12.O-O-O Qe7 13.Bg5 c6 14.f4 Re8 15.Bf3 Nbd7
16.Nb3 Nf8 17.Qxd6 Qxd6 18.Rxd6 Ne6 19.Bh4 Nd7 20.Bg3 Bh6 21.Ne2 Nec5 22.Rgd1 Nxb3+
23.cxb3 Ne5 24.Rd8 Be6 25.Rxa8 Rxa8 26.Bg2 Bg4 27.Bf1 Bf3 28.Rd4 Re8 29.Nc3 Bg4  1/2-1/2

[Event "Helmut Kohls It"]
[Site "Dortmund GER"]
[Date "2010.07.22"]
[Round "6"]
[White "Schaefer,Mark"]
[Black "Mladenov,Sv"]
[Result "1/2-1/2"]
[WhiteElo "2382"]
[BlackElo "2463"]

1.e4 d6 2.d4 Nf6 3.Nc3 e5 4.Nf3 Nbd7 5.Bc4 Be7 6.O-O O-O 7.Re1 c6 8.a4 a5
9.b3 Nb6 10.Bf1 exd4 11.Qxd4 d5 12.e5 Ne8 13.Bb2 Nd7 14.Rad1 Nc5 15.Qe3 g6
16.Ne2 Ng7 17.Ng3 Nf5 18.Qc3 Nxg3 19.hxg3 Bg4 20.Qd2  1/2-1/2

[Event "Corporation Centre Cup"]
[Site "Izhevsk RUS"]
[Date "2010.07.22"]
[Round "8"]
[White "Glukhov,A2"]
[Black "Orekhov,V"]
[Result "0-1"]
[WhiteElo "2034"]
[BlackElo "1825"]

1.e4 d6 2.d4 Nf6 3.Nc3 e5 4.Nf3 Nbd7 5.Bc4 Be7 6.O-O O-O 7.h3 a6 8.a4 b6
9.Re1 Bb7 10.Bg5 c6 11.dxe5 dxe5 12.Nh4 b5 13.axb5 cxb5 14.Ba2 b4 15.Nd5 Nxd5
16.Bxd5 Bxg5 17.Bxb7 Ra7 18.Bc6 Bxh4 19.Qg4 Bxf2+  0-1

[Event "3rd Open"]
[Site "Paleochora GRE"]
[Date "2010.07.22"]
[Round "2"]
[White "Parligras,M"]
[Black "Vrublevskaya,O"]
[Result "1-0"]
[WhiteElo "2574"]
[BlackElo "2102"]

1.e4 d6 2.d4 Nf6 3.Nc3 e5 4.Nf3 Nbd7 5.Bc4 Be7 6.O-O O-O 7.Re1 c6 8.a4 a5
9.h3 h6 10.Ba2 Re8 11.Be3 Qc7 12.Nh4 Nf8 13.Qf3 exd4 14.Bxd4 Ne6 15.Be3 Ng5
16.Bxg5 hxg5 17.Nf5 Bxf5 18.Qxf5 Bd8 19.e5 dxe5 20.Rad1 Be7 21.Rxe5 Bd6 22.Rxe8+ Rxe8
23.Qxg5 Re5 24.Qd2 Bb4 25.g3 Qe7 26.Kg2 Qc5 27.Qf4 Rf5 28.Rd8+ Kh7 29.Qh4+ Kg6
30.g4 Rf4 31.Qg3 Qe5 32.Qd3+ Ne4 33.f3 Bxc3 34.bxc3 Qxc3 35.fxe4 Qe1 36.e5+ Kg5
37.Qd2 Qe4+ 38.Kg3 Qxe5 39.h4+ Kg6 40.Qxf4 Qe1+ 41.Qf2 Qe5+ 42.Kh3  1-0

[Event "3rd Open"]
[Site "Paleochora GRE"]
[Date "2010.07.22"]
[Round "2"]
[White "Dembo,Y"]
[Black "Mihopoulos,K"]
[Result "1-0"]
[WhiteElo "2470"]
[BlackElo "1959"]

1.e4 d6 2.d4 Nf6 3.Nc3 e5 4.Nf3 Nbd7 5.Bc4 Be7 6.O-O O-O 7.Re1 c6 8.a4 b6
9.Bg5 Bb7 10.Bxf6 Bxf6 11.d5 c5 12.a5 bxa5 13.Nd2 Nb6 14.Bf1 Bg5 15.Nb3 a4
16.Nxa4 Nxa4 17.Rxa4 Qb6 18.Na5 Qxb2 19.Qa1 Qxa1 20.Rexa1 Bc8 21.Nc4 Rd8
22.Rxa7 Rxa7 23.Rxa7 Kf8 24.h3 Be7 25.Nb6 Bg5 26.Rc7  1-0

[Event "3rd Open"]
[Site "Paleochora GRE"]
[Date "2010.07.22"]
[Round "2"]
[White "Rigopoulos Tsigkos,A"]
[Black "Orlov,And"]
[Result "0-1"]
[WhiteElo "2020"]
[BlackElo "2502"]

1.e4 d6 2.d4 Nf6 3.Nc3 Nbd7 4.Be3 e5 5.Qd2 Be7 6.f3 c6 7.O-O-O O-O 8.g4 b5
9.h4 b4 10.Nce2 d5 11.g5 Nh5 12.exd5 cxd5 13.dxe5 Nxe5 14.Nf4 Ng3 15.Nxd5 Nxf1
16.Rxf1 Nc4 17.Qd3 Nxe3 18.Nxe3 Qa5 19.Nd5 Bc5 20.Ne2 Ba6 21.Qf5 Bxe2 22.Rfg1 Qxa2
23.Nf6+ gxf6 24.gxf6+ Kh8 25.Qg5 Qa1+ 26.Kd2 Rad8+  0-1

[Event "XIX ch-Macedonia Open"]
[Site "Struga MKD"]
[Date "2010.07.22"]
[Round "7"]
[White "Vladimirov,V MKD"]
[Black "Ilievski,B"]
[Result "1/2-1/2"]
[WhiteElo "2192"]
[BlackElo "2235"]

1.e4 d6 2.d4 Nf6 3.Nc3 e5 4.Nf3 Nbd7 5.Bc4 Be7 6.O-O O-O 7.Re1 c6 8.a4 a5
9.h3 h6 10.Be3 Qc7 11.Qd2 Nb6 12.Bb3 Be6 13.Bxe6 fxe6 14.dxe5 dxe5 15.Bxb6 Qxb6
16.Nxe5 Rad8 17.Nd3 Nh5 18.Qe3 Qc7 19.e5 Bg5 20.Qe2 Nf4 21.Nxf4 Rxf4 22.Rad1 Rdf8
23.Ne4 Qxe5 24.Nxg5 Qxg5 25.Qxe6+ Kh8 26.Re5 Qf6 27.Qxf6 R8xf6 28.Rxa5 Rxf2
29.Rc5 Re2 30.Rf1 Rd6 31.Rf3 Rd1+ 32.Kh2 Rdd2 33.Rg3 Rxc2 34.Rxc2 Rxc2 35.Rb3 Rc4
36.a5 Rc5 37.Rxb7 Rxa5 38.Kg3 Rf5 39.Kg4 Rf2 40.g3 Kh7 41.h4 c5 42.b3 Rc2
43.Kf4 c4 44.b4 c3 45.Ke3 Rg2 46.Kf3 Rd2 47.Rc7 Rb2 48.Rxc3 Rxb4  1/2-1/2

[Event "4th Open"]
[Site "Vecindario ESP"]
[Date "2010.07.22"]
[Round "6"]
[White "Almeida Sanchez,C"]
[Black "Torres Ventosa,P"]
[Result "0-1"]
[WhiteElo "2002"]
[BlackElo "2245"]

1.e4 d6 2.d4 Nf6 3.Nc3 e5 4.d5 c6 5.Bd3 Be7 6.Nge2 O-O 7.Ng3 Re8 8.Be3 a6
9.Qd2 b5 10.dxc6 Nxc6 11.Nd5 Nxd5 12.exd5 Nd4 13.c3 f5 14.O-O f4 15.Bxf4 Nf3+
16.gxf3 exf4 17.Qxf4 Bg5 18.Qd4 Bf6 19.Qb4 Bb7 20.Be4 Be5 21.Kg2 g6 22.Rh1 Qh4
23.Rag1 Bc8 24.h3 Rf8 25.c4 bxc4 26.Qxc4 Bd7 27.b3 Bb5 28.Qc2 Rac8 29.Qd2 Rc7
30.a4 Bd7 31.Rc1 Bf4 32.Rxc7 Bxd2 33.Rxd7 Qf4 34.h4 h5 35.Nxh5 gxh5 36.Kh3 Qh6
37.Rg1+ Kh8 38.Rg6 Rxf3+ 39.Kg2 Rxf2+ 40.Kxf2 Qe3+ 41.Kf1 Qe1+  0-1

[Event "15th Open"]
[Site "Balaguer ESP"]
[Date "2010.07.23"]
[Round "5"]
[White "Aroshidze,L"]
[Black "Haslinger,S"]
[Result "1/2-1/2"]
[WhiteElo "2548"]
[BlackElo "2552"]

1.e4 d6 2.d4 Nf6 3.Nc3 e5 4.Nge2 c6 5.a4 Be7 6.g3 O-O 7.Bg2 Nbd7 8.O-O b6
9.h3 h5 10.Be3 a6 11.f4 Qc7 12.Bf3 Bb7 13.g4 h4 14.dxe5 dxe5 15.f5 Nh7 16.Qd2 g5
17.Rfd1 Rfd8 18.Qe1 b5 19.b3 b4 20.Nb1 a5 21.Nd2 Bc5 22.Bxc5 Nxc5 23.Qf2 Nd7
24.Nc1 c5 25.Nd3 Ba6 26.Nb2 Nb6 27.Be2 Bb7 28.Qe3 Rd4 29.Bd3 f6 30.Nf3 Rd6  1/2-1/2

[Event "MTO"]
[Site "Biel SUI"]
[Date "2010.07.23"]
[Round "5"]
[White "Klauser,M"]
[Black "Pelletier,Y"]
[Result "1/2-1/2"]
[WhiteElo "2362"]
[BlackElo "2589"]

1.e4 d6 2.d4 Nf6 3.Nc3 e5 4.Nge2 Be7 5.g3 c6 6.a4 Nbd7 7.Bg2 b6 8.O-O a6
9.d5 Bb7 10.dxc6 Bxc6 11.Nd5 Nxd5 12.exd5 Bb7 13.c4 O-O 14.a5 Qc8 15.b3 Bd8
16.Ba3 Qb8 17.axb6 Bxb6 18.Nc3 Bd4 19.Rc1 Qc7 20.Ne4 Nc5 21.b4 Nxe4 22.Bxe4 a5
23.Qc2 g6 24.c5 axb4 25.Bxb4 dxc5 26.Bxc5 Qxc5 27.Qxc5 Bxc5 28.Rxc5 Ra4 29.Bg2 Rd4
30.Rb1 Ba8 31.Rbc1 e4 32.R5c4  1/2-1/2

[Event "Corporation Centre Cup"]
[Site "Izhevsk RUS"]
[Date "2010.07.23"]
[Round "9"]
[White "Bronnikov,K1"]
[Black "Kozionov,S"]
[Result "1-0"]
[WhiteElo "2232"]
[BlackElo "2039"]

1.e4 d6 2.d4 Nf6 3.Nc3 e5 4.dxe5 dxe5 5.Qxd8+ Kxd8 6.Bc4 Be6 7.Bxe6 fxe6
8.f3 Bc5 9.Na4 Bb4+ 10.c3 Bd6 11.Be3 Nbd7 12.b3 Ke7 13.Nh3 Nh5 14.Nf2 Nf4
15.Rg1 Rhf8 16.g3 Ng6 17.Ke2 b5 18.Nb2 Ba3 19.Nbd3 c5 20.Rab1 c4 21.bxc4 bxc4
22.Nb4 Rfd8 23.Nc2 Bc5 24.Rb7 Rab8 25.Rgb1 Rxb7 26.Rxb7 Bb6 27.Nd1 Kd6 28.Bxb6 axb6
29.Nde3 Ngf8 30.Ra7 b5 31.Nb4 Rb8 32.a4 Nb6 33.axb5 Nfd7 34.Na6 Rc8 35.f4 Rd8
36.f5 g6 37.fxe6 Kxe6 38.Rc7 Na4 39.Rxc4 Ndb6 40.Rc6+ Kd7 41.Nc5+ Nxc5 42.Rxc5 Ra8
43.Nd5 Ra2+ 44.Ke3 Na4 45.Rc7+ Kd6 46.Rc6+ Kd7 47.h4 Nb2 48.Rc7+ Kd6 49.c4 Ra3+
50.Ke2 Nd3 51.c5+ Nxc5 52.Rc6+ Kd7 53.Rxc5 Rxg3 54.Rc7+ Kd6 55.Rxh7 Rb3 56.b6 Kc5
57.b7 Kd4 58.Nf6 Rb1 59.Rc7 Rb3 60.Nd7 Rb2+  1-0

[Event "21st Czech GM Open"]
[Site "Pardubice CZE"]
[Date "2010.07.23"]
[Round "1"]
[White "Umanec,F"]
[Black "Schmidt Schaeffer,S"]
[Result "0-1"]
[WhiteElo "2225"]
[BlackElo "2431"]

1.e4 d6 2.d4 Nf6 3.Nc3 Nbd7 4.g3 e5 5.Nge2 b5 6.a3 Bb7 7.Bg2 c6 8.O-O a5
9.Re1 Be7 10.h3 b4 11.Nb1 O-O 12.b3 c5 13.d5 Qc7 14.Nd2 Nb6 15.a4 c4 16.Nf1 Nfd7
17.g4 Rfc8 18.Ra2 Ba6 19.Neg3 Nc5 20.Be3 Rab8 21.Nf5 Bf8 22.N1g3 cxb3 23.cxb3 Nxb3
24.Qxb3 Bc4 25.Qb2 Bxa2 26.Qxa2 Qc4 27.Qxc4 Nxc4 28.Bf1 b3 29.Ba7 Rb4 30.Ne3 Nd2
31.Rd1 Nf3+  0-1

[Event "XIX ch-Macedonia Open"]
[Site "Struga MKD"]
[Date "2010.07.23"]
[Round "8"]
[White "Peev, Kosta"]
[Black "Nikolovska,D"]
[Result "0-1"]
[WhiteElo "1630"]
[BlackElo "1721"]

1.d4 Nf6 2.Nc3 d6 3.e4 e5 4.Nf3 Nbd7 5.Bc4 Be7 6.h3 O-O 7.Be3 c6 8.Qe2 b5
9.Bd3 Bb7 10.O-O-O Qa5 11.a3 b4 12.Na2 bxa3 13.b3 c5 14.Bd2 Qb6 15.d5 a5
16.g4 a4 17.Bc4 axb3 18.cxb3 Rfb8 19.Bc3 Ba6 20.Nd2 Bxc4 21.bxc4 Qa6 22.Kc2 Qa4+
23.Kd3 Ne8 24.h4 Nc7 25.f3 Na6 26.Rc1 Nb4+ 27.Bxb4 cxb4 28.Rb1 Nc5+ 29.Ke3 b3
30.Nc3 Qa7 31.Qd1 Na4+  0-1

[Event "MTO"]
[Site "Biel SUI"]
[Date "2010.07.24"]
[Round "6"]
[White "Meier,V"]
[Black "Al Sayed,Mohammed"]
[Result "1/2-1/2"]
[WhiteElo "2304"]
[BlackElo "2498"]

1.e4 d6 2.d4 Nf6 3.Nc3 e5 4.Nf3 Nbd7 5.Bc4 Be7 6.O-O O-O 7.Re1 c6 8.a4 a5
9.b3 exd4 10.Nxd4 Nb6 11.Bf1 d5 12.e5 Ne8 13.Qf3 g6 14.Ba3 Bxa3 15.Rxa3 Ng7
16.Raa1 f6 17.exf6 Rxf6 18.Qg3 Nf5 19.Nxf5 Bxf5 20.Bd3 Bxd3 21.Qxd3 Nd7 22.Rad1 Rf7
23.Re2 Qh4 24.Rde1 Raf8 25.f3 Qb4 26.Nd1 Nc5 27.Qd2 Qxd2  1/2-1/2